Comentarios al Código Penal de la República Argentina. parte especial. Arts. 140 a 161 / Volumen 3A. :

Guardado en:
Autor Principal: Basílico, Ricardo.
Otros Autores: Lema, Mariano N., (coord.), Mallo, Patricia G., Piagentini, Alejandro.
Formato: Libro
Idioma:Undetermined
Publicado: Buenos Aires : B de F, 2023.
Edición:1a. ed.
Materias:
Etiquetas: Agregar Etiqueta
Sin Etiquetas, Sea el primero en etiquetar este registro!
LEADER 00728nam a22002055a 4500
001 DER.der014970
008 240405s2023####ag############000#0#und#d
005 20250626141234.0
245 1 0 |a Comentarios al Código Penal de la República Argentina.  |n Volumen 3A. :  |b parte especial. Arts. 140 a 161 /  |c dirigido por Ricardo Basílico; coordinado por Lema, Mariano. 
250 |a 1a. ed. 
260 |a Buenos Aires :  |b B de F,  |c 2023. 
300 |a 390 p. 
020 |a 9789915650838 
100 1 |a Basílico, Ricardo. 
700 1 |a Lema, Mariano N.,  |e coord. 
700 1 |a Wassouf, Ariel,  |e col. 
700 1 |a Mallo, Patricia G. 
700 1 |a Piagentini, Alejandro. 
650 7 |a DERECHO PENAL 
859 |a DERECHO  |b BIB. DERECHO  |h 345.02  |i BAS  |p 0010305  |3 3A